| 000 | 01852cam a2200157 4500500 | ||
|---|---|---|---|
| 005 | 20260405040707.0 | ||
| 041 | _afre | ||
| 042 | _adc | ||
| 100 | 1 | 0 |
_aBonhomme, Éric _eauthor |
| 700 | 1 | 0 |
_aBonhomme, Éric _eauthor |
| 700 | 1 | 0 |
_aVerclytte, Thomas _eauthor |
| 245 | 0 | 0 | _aL'Europe de 1900 à nos jours |
| 260 |
_bArmand Colin,
_c2018. |
||
| 520 | _aL’Europe de 1900 à nos jours est destinée aux étudiants de premier et deuxième cycle (Licence, CPGE, CAPES) ainsi qu’aux candidats préparant les épreuves d’histoire contemporaine des concours administratifs et des IEP. Ce livre cherche à expliciter l’évolution de l’Europe et de ses peuples, du « monde d’hier » avant 1914 aux reconfigurations les plus récentes. L’Europe y est envisagée comme un espace à géométrie variable qui ne se réduit ni à une addition de pays ni à la construction européenne. L’analyse met en valeur à la fois les enjeux de puissance(s) et les forces économiques, sociales et culturelles à l’œuvre dans un continent en prise permanente sur le monde. Ce manuel s’organise autour de trois temps forts : • COURS : chaque chapitre est accompagné d’outils : définitions, biographies, dates-clés, points à retenir, et se termine par des propositions d’approfondissement : zooms, histoires comparées, bibliographie, débat historiographique. • MÉTHODES : étape après étape, les méthodes de la dissertation et du commentaire de document sont expliquées avec des exemples précis de sujets corrigés. • ATLAS : en fin d’ouvrage, un atlas tout en couleur propose les cartes essentielles. Des compléments à télécharger sont disponibles dans la rubrique "ressources numériques". | ||
| 856 | 4 | 1 | _uhttps://shs.cairn.info/l-europe-de-1900-a-nos-jours--9782200614560?lang=fr&redirect-ssocas=7080 |
| 999 |
_c2164175 _d2164175 |
||